000 00696nam a22002177a 4500
005 20251108172347.0
008 250721s1981 xx 000 0 ara d
082 1 4 _a301.352/وات
100 1 _aوات، مونكومرى
245 1 0 _aالبدو /
264 1 _aبيروت :
_bدار الكتاب اللبناني،
_c1981.
300 _a139ص
490 0 _aكتب دائرة المعارف الإسلامية ؛ 3
650 1 7 _aالبدو
650 1 7 _aالمجتمع البدائي
700 1 _aخورشيد، إبراهيم
_eترجمة
700 1 _aيونس، عبد الحميد
_eترجمة
700 1 _aعثمان، حسن
_eترجمة
942 _2ddc
_cBK
999 _c77214
_d77214